<?xml version="1.0" encoding="UTF-8"?>
<record
    xmlns:xsi="http://www.w3.org/2001/XMLSchema-instance"
    xsi:schemaLocation="http://www.loc.gov/MARC21/slim http://www.loc.gov/standards/marcxml/schema/MARC21slim.xsd"
    xmlns="http://www.loc.gov/MARC21/slim">

  <leader>03313nam a2200553Ia 4500</leader>
  <controlfield tag="001">268</controlfield>
  <controlfield tag="008">241029s9999    xx            000 0 und d</controlfield>
  <datafield tag="010" ind1=" " ind2=" ">
    <subfield code="a">235</subfield>
  </datafield>
  <datafield tag="041" ind1=" " ind2=" ">
    <subfield code="a">Espa&#xF1;ol</subfield>
  </datafield>
  <datafield tag="082" ind1=" " ind2=" ">
    <subfield code="a">NO APLICA</subfield>
  </datafield>
  <datafield tag="245" ind1=" " ind2="0">
    <subfield code="a">Incidencia del analfabetismo de los padres en el avance y desarrollo del aprendizaje de los ni&#xF1;os en el proceso ense&#xF1;anza aprendizaje en la Escuela Hogar del ni&#xF1;o ubicado en lo alto de R&#xED;o Dulce en la Romana, Distrito 05-03, per&#xED;odo 2013-2014</subfield>
  </datafield>
  <datafield tag="260" ind1=" " ind2=" ">
    <subfield code="a">Santo Domingo</subfield>
  </datafield>
  <datafield tag="300" ind1=" " ind2=" ">
    <subfield code="a">110</subfield>
  </datafield>
  <datafield tag="520" ind1=" " ind2=" ">
    <subfield code="a">9</subfield>
  </datafield>
  <datafield tag="630" ind1=" " ind2=" ">
    <subfield code="a">Analfabetismo</subfield>
  </datafield>
  <datafield tag="630" ind1=" " ind2=" ">
    <subfield code="a">Aprendizaje Significativo</subfield>
  </datafield>
  <datafield tag="630" ind1=" " ind2=" ">
    <subfield code="a">Proceso de Ense&#xF1;anza-Aprendizaje</subfield>
  </datafield>
  <datafield tag="650" ind1=" " ind2=" ">
    <subfield code="a">Gesti&#xF3;n Educativa</subfield>
  </datafield>
  <datafield tag="690" ind1=" " ind2=" ">
    <subfield code="a">Elaborado</subfield>
  </datafield>
  <datafield tag="700" ind1=" " ind2=" ">
    <subfield code="e">asesor</subfield>
    <subfield code="a">Bautista , Juan </subfield>
  </datafield>
  <datafield tag="700" ind1=" " ind2=" ">
    <subfield code="e">autor</subfield>
    <subfield code="a">Dur&#xE1;n, Anyeline </subfield>
  </datafield>
  <datafield tag="700" ind1=" " ind2=" ">
    <subfield code="e">autor</subfield>
    <subfield code="a">Pe&#xF1;a, Esperanza </subfield>
  </datafield>
  <datafield tag="901" ind1=" " ind2=" ">
    <subfield code="a">{"1":"Dur&#xE1;n","2":"Pe&#xF1;a"}</subfield>
    <subfield code="b">{"1":"Anyeline ","2":"Esperanza "}</subfield>
  </datafield>
  <datafield tag="902" ind1=" " ind2=" ">
    <subfield code="a">1</subfield>
  </datafield>
  <datafield tag="903" ind1=" " ind2=" ">
    <subfield code="a">{"1":"Bautista "}</subfield>
    <subfield code="b">{"1":"Juan "}</subfield>
  </datafield>
  <datafield tag="904" ind1=" " ind2=" ">
    <subfield code="a">Mag&#xED;ster en</subfield>
  </datafield>
  <datafield tag="905" ind1=" " ind2=" ">
    <subfield code="a">Educaci&#xF3;n Superior</subfield>
  </datafield>
  <datafield tag="906" ind1=" " ind2=" ">
    <subfield code="a">1</subfield>
  </datafield>
  <datafield tag="907" ind1=" " ind2=" ">
    <subfield code="a">Menci&#xF3;n en</subfield>
  </datafield>
  <datafield tag="908" ind1=" " ind2=" ">
    <subfield code="a">Gesti&#xF3;n Educativa</subfield>
  </datafield>
  <datafield tag="909" ind1=" " ind2=" ">
    <subfield code="a">Universidad Nacional Evang&#xE9;lica (UNEV), Recinto Santo Domingo</subfield>
  </datafield>
  <datafield tag="910" ind1=" " ind2=" ">
    <subfield code="a">NULL</subfield>
    <subfield code="b">NULL</subfield>
  </datafield>
  <datafield tag="911" ind1=" " ind2=" ">
    <subfield code="a">["1"]</subfield>
  </datafield>
  <datafield tag="912" ind1=" " ind2=" ">
    <subfield code="a">NO APLICA</subfield>
  </datafield>
  <datafield tag="913" ind1=" " ind2=" ">
    <subfield code="a">NULL</subfield>
  </datafield>
  <datafield tag="914" ind1=" " ind2=" ">
    <subfield code="a">01 de Noviembre de 2013</subfield>
  </datafield>
  <datafield tag="915" ind1=" " ind2=" ">
    <subfield code="a">20/07/15 01:07</subfield>
  </datafield>
  <datafield tag="916" ind1=" " ind2=" ">
    <subfield code="a">NULL</subfield>
  </datafield>
  <datafield tag="917" ind1=" " ind2=" ">
    <subfield code="a">NULL</subfield>
  </datafield>
  <datafield tag="918" ind1=" " ind2=" ">
    <subfield code="a">NO APLICA</subfield>
  </datafield>
  <datafield tag="919" ind1=" " ind2=" ">
    <subfield code="a">["14","20","163"]</subfield>
  </datafield>
  <datafield tag="520" ind1=" " ind2=" ">
    <subfield code="a">Los principales prop&#xF3;sito de este estudio consistieron en explicar de qu&#xE9; forma podemos combatir &#xA0;la incidencia del analfabetismo de los padres en el avance y desarrollo de aprendizaje &#xA0;de los ni&#xF1;os, presentar posibles soluciones para el analfabetismo, describir el nivel de analfabetismo que est&#xE1;n sufriendo algunos padres y lograr que los padres se integren a un grupo educativo.Para &#xA0;el alcance de los objetivos de este estudio se utiliz&#xF3; una metodolog&#xED;a de an&#xE1;lisis. Se fundament&#xF3; en la observaci&#xF3;n, el an&#xE1;lisis, estudio y como t&#xE9;cnicas se utiliz&#xF3; la encuesta y la entrevista. Se trabaj&#xF3; con una poblaci&#xF3;n &#xA0;de 20 docentes y 400 dicentes en lo general &#xA0;y como muestra se tom&#xF3; 8 docentes para un 40% y 15 dicentes para un 18% de la poblaci&#xF3;n. El estudio concluy&#xF3; que el &#xA0;programa de alfabetizaci&#xF3;n o modelo que cambi&#xF3; la historia y cambi&#xF3; el analfabetismo en nuestro pa&#xED;s fue el Quisqueya Aprende Contigo, que este programa no puede parar, que hay personas que han aprendido a leer y a escribir con &#xE9;l, que el analfabetismo es un problema que afecta no solo a las personas analfabetas, si no que afecta al progreso y desarrollo del pa&#xED;s y que el analfabetismo es un problema mundial que se debe tomar muy seriamente ya que afecta &#xA0;tanto la econom&#xED;a global como la integridad y la posibilidad de cada individuo.La investigaci&#xF3;n sugiri&#xF3; que debe promover y organizar proyectos de alfabetizaci&#xF3;n en los centros escolares donde &#xA0;se da el analfabetismo en padre, darle apoyo a los adultos que se alfabetizaron con el programa Quisqueya &#xA0;Aprende Contigo, que las clases de alfabetizaci&#xF3;n sean m&#xE1;s supervisadas por los t&#xE9;cnicos y que esos adultos o padres sean motivados.</subfield>
  </datafield>
  <datafield tag="921" ind1=" " ind2=" ">
    <subfield code="a">16</subfield>
  </datafield>
  <datafield tag="922" ind1=" " ind2=" ">
    <subfield code="a">16</subfield>
  </datafield>
  <datafield tag="923" ind1=" " ind2=" ">
    <subfield code="a">0</subfield>
  </datafield>
  <datafield tag="924" ind1=" " ind2=" ">
    <subfield code="a">NO APLICA</subfield>
  </datafield>
  <datafield tag="942" ind1=" " ind2=" ">
    <subfield code="c">Tesis</subfield>
  </datafield>
  <datafield tag="999" ind1=" " ind2=" ">
    <subfield code="c">235</subfield>
    <subfield code="d">235</subfield>
  </datafield>
</record>
